|
|
|
|
| LEADER |
00000nam a2200000Ia 4500 |
| 001 |
9698, 9699, 9700, 9701, 9702 |
| 008 |
160829s1955 - 1961 xx 000 0 cat d |
| 080 |
|
|
|a FU-10-64, FU-10-65, FU-10-66, FU-10-67, FU-10-68
|
| 100 |
|
|
|a Curso de Tocoginecología para Postgraduados
|9 36887
|
| 245 |
|
|
|a Curso de Tocoginecología para postgraduados / a cargo del Profesor S. Dexeus Font...
|
| 260 |
|
|
|a Barcelona :
|b Diputación Provincial de Barcelona. Casa Provincial de Maternidad. Escuela de Tocoginecología para Licenciados en Medicina y Matronas Diplomadas,
|c 1955 - 1961
|
| 300 |
|
|
|a 5 v. ;
|c 23 cm
|
| 650 |
|
|
|a Ginecòlegs
|x Formació
|9 30800
|
| 650 |
|
|
|a Llevadores
|x Formació
|9 30798
|
| 650 |
|
0 |
|a Ginecologia
|x Ensenyament
|9 36888
|
| 700 |
|
|
|a Dexeus Font, Santiago
|
| 700 |
|
|
|a Casa de Maternitat i Expòsits (Barcelona). Escola de Tocoginecologia per a Llicenciats en Medicina i Matrones Diplomades
|9 36889
|
| 856 |
4 |
|
|u https://media.diba.cat/diba/fitxers/arxiu/fulletons/bib_9702_baixa.pdf
|y Curs XIII (1961)
|
| 856 |
4 |
|
|u https://media.diba.cat/diba/fitxers/arxiu/fulletons/bib_9701_baixa.pdf
|y Curs X ( 1958)
|
| 856 |
4 |
|
|u https://media.diba.cat/diba/fitxers/arxiu/fulletons/bib_9700_baixa.pdf
|y Curs IX (1957)
|
| 856 |
4 |
|
|u https://media.diba.cat/diba/fitxers/arxiu/fulletons/bib_9699_baixa.pdf
|y Curs VIII (1956)
|
| 856 |
4 |
|
|u https://media.diba.cat/diba/fitxers/arxiu/fulletons/bib_9698_baixa.pdf
|y Curs VII (1955)
|
| 856 |
4 |
|
|u https://media.diba.cat/diba/fitxers/arxiu/fulletons/bib_9702_baixa.pdf
|y Curs XIII (1961)
|
| 856 |
4 |
|
|u https://media.diba.cat/diba/fitxers/arxiu/fulletons/bib_9701_baixa.pdf
|y Curs X ( 1958)
|
| 856 |
4 |
|
|u https://media.diba.cat/diba/fitxers/arxiu/fulletons/bib_9700_baixa.pdf
|y Curs IX (1957)
|
| 856 |
4 |
|
|u https://media.diba.cat/diba/fitxers/arxiu/fulletons/bib_9699_baixa.pdf
|y Curs VIII (1956)
|
| 856 |
4 |
|
|u https://media.diba.cat/diba/fitxers/arxiu/fulletons/bib_9698_baixa.pdf
|y Curs VII (1955)
|
| 866 |
|
|
|a Curs VII : 1955, Curs VIII: 1956, Curs IX : 1957, Curs X : 1958, Curs XIII : 1961
|
| 901 |
|
|
|a Arxiu
|
| 942 |
|
|
|n 1
|2 udc
|
| 952 |
|
|
|0 0
|1 0
|4 0
|6 FU1064_FU1065_FU1066_FU1067_FU1068
|7 1
|9 47555
|a Arxiu
|b Arxiu
|d 2016-12-01
|l 0
|o FU-10-64, FU-10-65, FU-10-66, FU-10-67, FU-10-68
|p 9698, 9699, 9700, 97
|r 2016-12-01 00:00:00
|w 2016-12-01
|y ARXIU
|
| 999 |
|
|
|c 51354
|d 51354
|
| 900 |
|
|
|a bib_9698_baixa.pdf
|
| 900 |
|
|
|a bib_9699_baixa.pdf
|
| 900 |
|
|
|a bib_9700_baixa.pdf
|
| 900 |
|
|
|a bib_9701_baixa.pdf
|
| 900 |
|
|
|a bib_9702_baixa.pdf
|